00620cam a22002171 4500001001300000003000400013005001700017008004100034010001700075035002000092040001800112042001200130050002400142100002300166245007400189260002600263300003100289490004800320500001700368999001700385ca 22000735 DLC20260227111110.0960604s1922 fr a 000 0 fre  aca 22000735  a(OCoLC)34870897 aDLCcMoUdDLC apremarc00aPQ2603.I65bF4 19221 aBirabeau, André.13aLa femme fatale;bcomédie en trois actes,cpar André Birabeau ... aParis,bStock,c1922. a40 p.billus.c24 x 19 cm.0 aCollection nouvelle de la France dramatique aCover title. c15652d15652